000 00673nam a2200217Ia 4500
003 OSt
005 20250127102945.0
008 210210b1987 xxu||||| |||| 00| 0 eng d
040 _cAL
041 _aKannada
082 _aK894.3 YANR
100 _aYANDAMURI VIRENDRANATH.
_dಯಂಡಮೂರಿ ವೀರೇಂದ್ರನಾಥ್
_9195565
245 _aRakta sindhura.
_bರಕ್ತ ಸಿಂಧೂರ
260 _aBengaluru
_bHamsadhvani Prakashana
_c1987
300 _a204
650 _aRaja Chendur
_9195566
690 _aKannada Fiction
_9195567
700 _a Raja Chendur.
_d ರಾಜಾ ಚೆಂಡೂರ್
_9195568
906 _a041601
942 _2ddc
_cBK
999 _c91365
_d91365